000 00417nam a22001577a 4500
003 IT-RoPau
005 20220918181221.0
008 140728b xxu||||| |||| 00| 0 eng d
040 _cIT-RoPau
100 _aDe Fiores Stefano-Goffi Tullo
_933898
245 _aNuovo dizionario di spiritualità
250 _a7 ed.
260 _aBorgaro Torinese
_bSan Paolo
_c1999
300 _a1776 p.
_c19,5 cm
942 _2ddc
_cBK
999 _c104472
_d104472